000 00812nam a22002537a 4500
005 20250324123138.0
008 250324b |||||||| |||| 00| 0 eng d
020 _a9788195076222
037 _cTB
040 _aLCT
_cLCT
041 _2hin
_ahin
_hhin
084 _aZ(Q7) R2
100 _aAhmad, Aquil
245 _aMuslim Law
_h(Hindi)
260 _aPrayagraj, India:
_bCentral Law Agency,
_c2022
300 _axxxii, 340p.
650 _aMuslim Law
650 _aLaw
650 _aQuran, Hadith, Ijma, and Qiyas
_9747458
650 _a Muslim Law Marriage and Family Law Inheritance
_9747459
650 _aMuslim Law Legal Capacity and Minority Adoption
_9747460
700 _akhan, Iqbal Ali,
_eeditor
_9681871
942 _2CC
_cTB
_hZ(Q7) R2
_n0
999 _c1269213
_d1269213